[Event "V Sunway Sitges Open 2018"]
[Site "Sitges"]
[Date "2018.12.17"]
[Round "4"]
[White "Vocaturo, Daniele"]
[Black "Kulaots, Kaido"]
[Result "1/2-1/2"]
[WhiteElo "2629"]
[BlackElo "2555"]
[Annotator "TA"]
[PlyCount "129"]
[EventDate "2018.12.14"]
[EventType "swiss"]
[EventCountry "ESP"]
[SourceTitle "playchess.com"]
[Source "ChessBase"]
[SourceQuality "1"]

{[%evp 25,129,20,37,35,29,34,37,33,50,36,52,25,16,8,31,0,21,11,28,41,37,38,38,46,41,43,136,84,89,52,58,57,66,49,88,62,55,54,119,69,120,120,119,112,106,37,25,20,14,21,25,31,55,39,105,0,0,0,0,0,0,0,0,0,0,0,0,0,0,0,0,0,0,0,0,0,0,0,0,0,0,0,0,0,0,0,0,0,0,0,0,0,0,0,0,0,0,0,0,0,0,0,0,0,0,0]} 1. e4 c5 2. Nf3 d6 3. Bb5+ Bd7 4. Bxd7+ Qxd7 5. c4 g6 6. d4 cxd4 7. Nxd4 Bg7 8. Nc3 Nf6 9. f3 O-O 10. Be3 Nc6 11. O-O a6 12. Qd3 {B52: Sicilian: Moscow Variation with 3...Bd7} (12. Na4 Rab8 13. Nxc6 Qxc6 14. Nb6 Nd7 15. Nxd7 Qxd7 16. Rf2 b5 17. c5 Qa7 18. Rc1 dxc5 19. Bxc5 Qc7 {1-0 (50) Caruana,F (2807)-Kasparov,G (2812) Saint Louis 2017}) 12... Ne5 13. Qe2 e6 {LiveBook: 3 Games} 14. b3 {[#] White is slightly better.} Qd8 $146 ({Predecessor:} 14... d5 15. f4 Nc6 16. Rad1 dxe4 17. Nf5 Qc7 18. Nxg7 Kxg7 19. Bc1 Rfd8 20. Nxe4 Nxe4 21. Qxe4 Rxd1 22. Rxd1 {½-½ (50) Neiksans,A (2566)-Kulaots,K (2554) Liepaja 2018}) 15. Rac1 Qa5 16. Rfd1 Ned7 17. Na4 Rac8 18. Bd2 Qe5 19. Bc3 Qg5 20. Bd2 Qe5 21. Be1 $36 {[%mdl 2048] White is more active.} b5 22. Nb2 Qg5 23. Bd2 Qc5 24. Be3 Qa3 $1 25. cxb5 axb5 (25... Rxc1 $14 26. Rxc1 Qxa2) 26. Nd3 ({Don't do} 26. Nxb5 $6 Qxa2 27. Nxd6 Rxc1 $14) ({Better is} 26. Nc6 {aiming for Ne7+.} Ra8 27. Rd2) 26... Rxc1 $16 27. Nxc1 (27. Rxc1 {looks sharper.} Rb8 28. Rc7 Qa5 29. Rc2 Qa8 30. Nb4) 27... d5 28. Nxb5 Qa5 29. a4 dxe4 30. fxe4 {[%cal Bf3e4,Be4e5][%mdl 32]} Rc8 31. Bd4 Qa8 ({Black should play} 31... e5 $14 32. Bb2 Bf8) 32. Nd6 Rb8 (32... Rc6 $14) 33. e5 Nd5 34. Rf1 Rb4 35. Qf2 ({And not} 35. Rxf7 Rxd4 36. Rxd7 Nf4 $17) (35. Nc4 $16) 35... Rxd4 $1 $14 {[%mdl 64] [#] Decoy} 36. Qxd4 Bxe5 37. Qf2 N7f6 38. Nc4 Bxh2+ $1 39. Kh1 {Hoping for Nb6.} Bb8 (39... Qb8 $14) 40. Qf3 (40. Nd3 $16) 40... Qb7 $11 {The position is equal.} 41. Ne2 Qc7 {[%csl Gb8][%cal Rc7h2]} 42. g3 e5 43. Nc3 Nxc3 44. Qxf6 {Strongly threatening Qf3.} Ne4 45. Qf3 Ng5 46. Qe3 h6 47. Nxe5 {Black must now prevent Ng4.} Qc8 ({But not} 47... Qxe5 $6 48. Qxe5 Bxe5 49. a5 $14) 48. Kg1 Qb7 (48... Qa6 $5 49. Kg2 $8 Qe6 $11) 49. Kh2 $1 {Threatens to win with Ng4.} Qc8 {next ...Qe6 is good for Black.} 50. Kg1 Qb7 51. Kh2 $1 {Ng4 is the strong threat.} Qc8 {Threatening ...Qe6.} 52. Kg2 Qe6 {[#]} 53. Ng4 $1 {[%mdl 512]} Qxg4 54. Qe8+ Kg7 55. Qxb8 {[%mdl 4096] Endgame KQR-KQN} Qe4+ 56. Kg1 Qe3+ 57. Kg2 Qe4+ 58. Kg1 Qe2 {( -> ...Nh3+)} 59. Qb5 Qe3+ 60. Kg2 Qe4+ 61. Kh2 Qc2+ 62. Kh1 Qe4+ 63. Kh2 {White wants to play Qc4.} Qc2+ 64. Kh1 Qe4+ 65. Kh2 {Accuracy: White = 71%, Black = 60%.} 1/2-1/2

[Event "V Sunway Sitges Open 2018"]
[Site "Sitges"]
[Date "2018.12.17"]
[Round "4"]
[White "Indjic, Aleksandar"]
[Black "Keymer, Vincent"]
[Result "1-0"]
[WhiteElo "2620"]
[BlackElo "2508"]
[Annotator "TA"]
[PlyCount "97"]
[EventDate "2018.12.14"]
[EventType "swiss"]
[EventCountry "ESP"]
[SourceTitle "playchess.com"]
[Source "ChessBase"]
[SourceQuality "1"]

{[%evp 17,97,-33,-14,-14,-14,-14,-11,-11,-6,-5,-9,-14,-10,-2,0,-12,8,0,0,0,25,0,10,0,1,0,0,-12,0,0,0,-23,0,0,22,22,31,0,37,57,62,62,62,53,68,44,182,182,187,180,181,155,210,208,185,161,239,227,395,389,420,414,359,395,722,714,681,649,734,739,729,722,714,700,768,766,741,734,693,679,29977,29980]} 1. d3 d5 2. Nd2 Nf6 3. Ngf3 Nc6 4. e4 e5 5. c3 a5 6. Be2 Bc5 7. O-O O-O 8. b3 Re8 9. a3 d4 {LiveBook: 3 Games. C44: Ponziani Opening and Scotch Gambit} 10. cxd4 $146 ({Predecessor:} 10. c4 Nd7 11. Kh1 Be7 12. Ng1 Nc5 13. g3 f5 14. f3 f4 15. Rf2 Bg5 16. Rg2 Rf8 17. Nf1 {0-1 (48) Dragojlovic,A (2288)-Savanovic,A (2434) Venice 2018}) 10... Nxd4 11. Bb2 b6 {The position is equal.} 12. Nxd4 Bxd4 13. Bxd4 Qxd4 14. Qc2 c5 15. Nc4 b5 16. Nd2 Ba6 17. Rac1 Rac8 18. Rfd1 Re7 19. g3 g6 20. Bf1 Qd6 21. Qc3 b4 22. Qa1 Rcc7 23. axb4 axb4 24. Qa5 Bc8 25. Rc2 Rc6 26. Rdc1 {[%cal Rc2c5]} Rec7 27. d4 (27. Nc4 {is interesting.} Qe7 28. Qa1 Nd7 29. Ra2 f6 30. Bh3) 27... Qxd4 28. Bb5 $1 {[%cal Rb5c6]} Nxe4 29. Nxe4 ({Don't play} 29. Bxc6 Qxf2+ 30. Kh1 Rxc6 $15) 29... Qxe4 30. Bxc6 Rxc6 31. Qa8 $1 $36 {[%mdl 2048] White has good play.} Kg7 (31... Qd5 $14) 32. Rxc5 $18 Rxc5 {[%cal Rc5c1]} 33. Qxe4 Rxc1+ {[%mdl 4096] Endgame KQ-KRB} 34. Kg2 Rc5 (34... h6 $16 35. Qxb4 (35. Qxe5+ Kh7 $16) 35... Rb1) 35. Qxb4 Rd5 36. Qc3 Bb7 (36... Bd7 $142 37. b4 Kf6) 37. f3 g5 $2 (37... Kf6 38. Kf2 Ke6) 38. Kf2 Kg6 39. Qc7 Rb5 {[#]} 40. b4 $1 {[%mdl 512]} e4 $2 (40... Kg7 41. Ke3 h6) (40... Rxb4 41. Qd6+) 41. Qd7 Rb6 42. f4 gxf4 43. gxf4 e3+ 44. Kxe3 Re6+ 45. Kd4 Bc6 {[#]} 46. f5+ $1 Kxf5 47. Qxf7+ Rf6 48. Qxh7+ Kg5 49. Ke5 {Precision: White = 65%, Black = 32%.} 1-0

[Event "V Sunway Sitges Open 2018"]
[Site "Sitges"]
[Date "2018.12.17"]
[Round "4"]
[White "Gordievsky, Dmitry"]
[Black "Gual Pascual, Antonio"]
[Result "1/2-1/2"]
[WhiteElo "2614"]
[BlackElo "2357"]
[Annotator "TA"]
[PlyCount "83"]
[EventDate "2018.12.14"]
[EventType "swiss"]
[EventCountry "ESP"]
[SourceTitle "playchess.com"]
[Source "ChessBase"]
[SourceQuality "1"]

{[%evp 17,83,41,41,44,45,31,39,38,36,35,114,104,118,122,130,95,121,107,95,106,115,23,26,21,12,0,0,-17,-17,-15,-6,-48,-35,-61,-26,-28,0,-47,-31,-38,17,25,25,16,33,10,13,-19,0,0,141,0,125,-20,-13,-77,-76,-115,0,0,16,-70,-77,-84,-77,-77,-78,-83]} 1. Nf3 g6 2. d4 Bg7 3. c4 d6 4. Nc3 Nd7 5. e4 e5 6. Be2 Ngf6 7. O-O O-O 8. Qc2 Nh5 9. Rd1 Nf4 {LiveBook: 80 Games} 10. Bxf4 {E94: King's Indian: Classical: 6 Be2 e5 7 0-0: Various Black 7th moves} (10. Bf1 c6 11. d5 cxd5 12. cxd5 Nf6 13. Nd2 Ng4 14. h3 Nxf2 15. Kxf2 Qb6+ 16. Kg3 Qg1 17. Ne2 Nh5+ {0-1 (44) Kotanjian,T (2531)-Smirin,I (2644) Yerevan 2014}) 10... exf4 11. h3 $146 ({Predecessor:} 11. e5 dxe5 12. dxe5 c6 13. Qe4 Qe7 14. Qxf4 Nxe5 15. Re1 Re8 16. Qd2 Be6 17. Nxe5 Bxe5 {0-1 (50) Borisov,S (2014)-Tekeyev,Z (2300) Sochi 2014}) 11... c6 12. Rab1 {White is slightly better.} Re8 13. b4 h6 ({Better is} 13... a5 $14) 14. c5 $16 dxc5 15. bxc5 b6 16. cxb6 axb6 17. Bc4 b5 18. Bb3 Nb6 19. Ne2 ({White should try} 19. a4 $16) 19... Nc4 $1 $11 20. Bxc4 bxc4 21. Qxc4 Rxe4 22. Qxc6 Bf5 $36 {[%mdl 2048] Black is more active.} 23. Rb2 Re6 24. Qb5 Be4 25. Qb3 Bd5 26. Qd3 Be4 27. Qd2 Bxf3 28. gxf3 g5 (28... Rf6 $15) 29. Kg2 Rea6 30. Rc2 Ra3 {White should prevent ...Rxf3!} 31. d5 {White wants to play d6.} Qd7 32. Ng1 R8a4 33. Qe2 Bd4 {[#]} (33... Bf8 $11) 34. Rcd2 (34. d6 $1 $16 {[%mdl 512] Black must now prevent Qe7.} Rc3 (34... Qxd6 35. Rc4) 35. Rxc3 Bxc3 36. Qe7) 34... Qxd5 (34... Bc3 $11) 35. Qe8+ (35. Qe7 $1 $16 {Threatens to win with Rxd4!} Rxa2 36. Rxa2 Rxa2 37. Ne2) 35... Kg7 36. Qc8 {[#]} (36. Qe2 $1 $11) 36... Qc5 $1 $17 {[%cal Rc5c8]} ({Not} 36... Rxa2 {[#]} 37. Rxd4 $1 {[%mdl 512]} Rxd4 38. Qc3 $16) 37. Qd7 {[%cal Rd2d4]} Bc3 (37... Bf6 $17 38. Ne2 Rxa2 39. Rxa2 Rxa2) 38. Rd5 $11 Qa7 {Strongly threatening ...Qxd7.} 39. Qxa7 (39. Qe8 $11 Rxa2 40. Ne2 Rxe2 41. Qxe2) 39... Rxa7 $15 40. R1d3 {Black is better.} Bb4 41. Rxa3 Rxa3 42. Rb5 {Accuracy: White = 40%, Black = 56%.} 1/2-1/2

[Event "V Sunway Sitges Open 2018"]
[Site "Sitges"]
[Date "2018.12.17"]
[Round "4"]
[White "Liang, Awonder"]
[Black "Sadhwani, Raunak"]
[Result "1-0"]
[WhiteElo "2589"]
[BlackElo "2434"]
[Annotator "TA"]
[PlyCount "77"]
[EventDate "2018.12.14"]
[EventType "swiss"]
[EventCountry "ESP"]
[SourceTitle "playchess.com"]
[Source "ChessBase"]
[SourceQuality "1"]

{[%evp 20,77,-20,-37,-14,-42,-27,-42,-27,-30,-32,-66,-12,-37,-32,-60,-28,-41,0,-80,-80,-107,-83,-75,-91,-150,-135,-101,-108,-126,-81,-84,6,0,0,0,0,-292,0,0,0,0,0,0,0,0,570,566,554,506,306,323,5314,2682,29984,29985,29990,1102,29989,3116]} 1. c4 e5 2. g3 c6 3. Nf3 e4 4. Nd4 d5 5. cxd5 Qxd5 6. e3 Nf6 {A20: English Opening: 1...e5} 7. Nc3 Qe5 8. Bg2 Bc5 9. Nb3 Bb6 10. d4 exd3 11. Qxd3 {LiveBook: 5 Games} O-O 12. Qe2 a5 $146 {[%cal Ba7a5,Ba5a4,Ba4a3][%mdl 32]} ({Predecessor:} 12... Rd8 13. O-O Bg4 14. f3 {0-1 (29) Kjartansson,G (2446)-Grandelius,N (2646) Reykjavik 2016}) 13. O-O Bg4 14. Qc2 Nbd7 15. h3 Be6 (15... Bf5 $15 16. Qe2 Rfe8) 16. Qe2 a4 17. Nd2 a3 18. Kh2 Nd5 {[%cal Bf6d5,Bd5b4,Bb4c2][%mdl 32]} 19. Nd1 (19. Nxd5 $11 {remains equal.} Bxd5 20. Bxd5 cxd5 21. Qb5) 19... Nb4 $1 $17 {[%cal Rb4a2]} 20. f4 Qc5 21. bxa3 Nc2 (21... Nxa2 $6 22. Bb2 $14) 22. f5 (22. Rb1 $142) 22... Nxa1 (22... Bxf5 23. Nb3 $11) 23. fxe6 Qxc1 (23... fxe6 $6 24. Rxf8+ Qxf8 25. Nc4 $11) 24. exd7 Qc2 (24... Qxa3 25. Nc4 $14) 25. Nf2 {[%cal Bd1f2,Bf2e4,Be4f6][%mdl 32]} Ba5 (25... Rxa3 $6 26. Rxa1 Bxe3 27. Nfe4 $11) (25... Qxa2 $17 26. Rb1 Ba5) 26. Nfe4 $1 $11 Qxa2 {Hoping for ...Bxd2.} 27. Qg4 {Threatens to win with Nf6+.} Bxd2 28. Nf6+ Kh8 {And now ...Bc3 would win.} 29. Qf5 {[%csl Gf6][%cal Rf5h7]} Qc2 $1 {[%cal Rc2f5]} ({And not} 29... gxf6 30. Be4 Be1+ 31. Kh1 Qh2+ 32. Kxh2 Bxg3+ 33. Kg2 Rxa3 34. Qxh7#) ({Worse is} 29... g6 30. Qe5 $16) 30. Be4 {[%csl Ge4,Gf6][%cal Rf5h7]} g6 31. Qg4 $1 {[%cal Rg4h4]} Qb2 32. Rf2 $40 {[%mdl 128] Black needs to defend precisely.} Qe5 $2 {[%mdl 8192]} (32... Rxa3 33. Nxh7 $1 {[%mdl 512]} Rb8 34. Qh4 Kg8 35. d8=Q+ Rxd8 36. Qxd8+ Kxh7 37. Rxf7+ Qg7 38. Qf6 Qxf7 39. Qxf7+ Kh8 40. Bxg6 Bxe3 41. Qh7#) (32... Kg7 $1 $11 {and Black has nothing to worry.}) 33. Qh4 $18 {[%csl Gf6][%cal Rh4h7]} h5 {[#]} 34. Rf5 $1 {[%cal Rf5e5][%mdl 512]} Qxf5 (34... gxf5 35. Qxh5+) 35. Bxf5 Rfd8 $2 (35... Bxe3 36. Ne8 Raxe8) 36. Qd4 {White threatens Nxh5+ and mate.} Nb3 37. Qe5 Kg7 38. Bc2 (38. Ne8+ $142 Kf8 39. Qg7+ Ke7 40. Qf6+ Kf8 41. Nd6 Rxd7 42. Bxd7 Kg8 {[#]} 43. Be6 $1 {[%mdl 512]}) 38... Ra5 39. Qe7 {Accuracy: White = 40%, Black = 43%.} (39. Ne8+ $142 Kf8 40. Qh8+ Ke7 41. Qf6+ Kf8 42. Qxd8 Bb4 43. Nf6+ Kg7 44. Qg8+ Kxf6 45. d8=Q+ Be7 46. Qde8 Bxa3 47. Qgxf7+ {[%mdl 64] Double Attack} Kg5 48. Qxg6#) 1-0

[Event "V Sunway Sitges Open 2018"]
[Site "Sitges"]
[Date "2018.12.17"]
[Round "4"]
[White "Santos Latasa, Jaime"]
[Black "Vasquez Schroeder, Rodrigo"]
[Result "1/2-1/2"]
[WhiteElo "2584"]
[BlackElo "2495"]
[Annotator "TA"]
[PlyCount "33"]
[EventDate "2018.12.14"]
[EventType "swiss"]
[EventCountry "ESP"]
[SourceTitle "playchess.com"]
[Source "ChessBase"]
[SourceQuality "1"]

{[%evp 19,20,-13,-10]} 1. d4 Nf6 2. c4 e6 3. Nf3 c5 4. Nc3 cxd4 5. Nxd4 Nc6 6. g3 Qb6 7. Ndb5 Ne5 8. Bg2 a6 9. Qa4 Rb8 {A33: Symmetrical English: 2 Nf3 Nf6 3 d4 cxd4 4 Nxd4 e6 5 Nc3 Nc6} 10. Na3 Bc5 {LiveBook: 5 Games} {Predecessor:} 11. O-O $146 Neg4 12. e3 O-O 13. Rb1 Be7 14. b4 Qc7 15. Bb2 d6 16. Rbc1 b6 17. Qd1 {½-½ (55) Inarkiev,E (2693)-Leko,P (2679) Germany 2018} 1/2-1/2

[Event "V Sunway Sitges Open 2018"]
[Site "Sitges"]
[Date "2018.12.17"]
[Round "4"]
[White "Lopez Martinez, Josep Manuel"]
[Black "Andreikin, Dmitry"]
[Result "1-0"]
[WhiteElo "2580"]
[BlackElo "2719"]
[Annotator "TA"]
[PlyCount "133"]
[EventDate "2018.12.14"]
[EventType "swiss"]
[EventCountry "ESP"]
[SourceTitle "playchess.com"]
[Source "ChessBase"]
[SourceQuality "1"]

{[%evp 19,133,-8,-6,0,7,0,0,0,0,2,7,0,16,9,38,40,54,47,50,16,18,20,31,16,25,24,27,14,12,11,17,17,20,0,27,6,8,0,13,11,13,3,26,27,30,2,25,27,56,56,52,55,64,52,93,97,129,129,129,129,129,129,133,133,133,129,133,127,129,127,127,128,138,138,147,133,192,139,139,139,139,139,176,173,172,120,137,139,173,162,162,149,176,160,241,233,287,286,357,349,346,333,364,350,334,351,356,323,525,549,585,534,615,546,1776,1641]} 1. d4 Nf6 2. c4 e6 3. Nf3 a6 4. Nc3 d5 5. cxd5 exd5 6. Bg5 {D37: Queen's Gambit Declined: 5 Bf4} Be6 7. e3 Nbd7 8. Bd3 h6 9. Bh4 (9. Bf4 g5 10. Bg3 Nh5 11. Be5 Nhf6 12. Bg3 Nh5 13. Qb3 Nxg3 14. hxg3 {½-½ (48) Karjakin,S (2773)-Caruana,F (2822) Saint Louis 2018}) 9... Bd6 10. Bg3 Bxg3 {LiveBook: 5 Games} 11. hxg3 c6 12. Qc2 Qe7 13. O-O $146 ({Predecessor:} 13. Bf5 O-O {0-1 (53) Marjanovic,D (2387)-Parligras,M (2614) Banja Vrujci 2017}) 13... O-O 14. Rfe1 Qd6 15. Rab1 Bg4 16. b4 Rfe8 17. Na4 Re7 18. Nc5 Qc7 19. Nxd7 (19. a4 {seems wilder.} g6 20. Rec1 Kg7 21. Qb2 h5 22. b5) 19... Nxd7 20. a4 Qd6 21. Nh2 Bh5 22. Rec1 Nb6 23. Qc5 Qd8 24. Ra1 Bg6 25. Bf1 Be4 26. Qc3 Rc8 27. Be2 Bf5 28. Nf1 Rec7 29. Qc5 Nd7 30. Qd6 Qf8 31. Qxf8+ Kxf8 32. Nd2 Ke7 33. Nb3 Kd6 34. g4 Be6 35. f3 Ra8 36. Rc3 b6 37. a5 b5 38. Kf2 Re8 39. Rac1 Rcc8 40. Bd3 Re7 41. Nd2 Nf6 42. Nf1 Bd7 43. Ng3 Ree8 44. Bf5 Be6 45. Rh1 Kc7 46. Ne2 Rcd8 47. Nf4 Rd6 (47... Rc8 $16 48. Bb1 Kb7) 48. Nd3 (48. Bxe6 $18 fxe6 49. Nd3) 48... Nd7 $16 49. Rhc1 Kb7 50. Nf4 g5 {[#] Hoping for ...Bxf5.} 51. Nd3 Bxf5 52. gxf5 h5 53. Rh1 h4 54. g3 Rh6 {Black wants to play ...hxg3+.} 55. gxh4 gxh4 56. Rcc1 Reh8 (56... Rg8 $16 57. Rh3 Rh5) 57. Rcg1 $18 R8h7 58. Rh3 Kc7 59. e4 dxe4 60. fxe4 Rh8 61. Rg7 R6h7 62. Rxh7 Rxh7 63. Kf3 Nf6 $2 {[#]} (63... Kd6 64. Nf4 Kc7) 64. Nc5 {White is clearly winning.} Rh6 65. Nxa6+ Kc8 66. Nc5 Nh7 {If Black can now play ...Ng5+ this consolidates a bit.} 67. Kg4 {Accuracy: White = 73%, Black = 36%.} 1-0

[Event "V Sunway Sitges Open 2018"]
[Site "Sitges"]
[Date "2018.12.17"]
[Round "4"]
[White "Nihal, Sarin"]
[Black "Adly, Ahmed"]
[Result "1-0"]
[WhiteElo "2576"]
[BlackElo "2626"]
[Annotator "TA"]
[PlyCount "125"]
[EventDate "2018.12.14"]
[EventType "swiss"]
[EventCountry "ESP"]
[SourceTitle "playchess.com"]
[Source "ChessBase"]
[SourceQuality "1"]

{[%evp 22,125,54,56,50,44,52,44,40,58,48,41,47,43,32,44,37,32,54,55,43,38,72,80,81,82,86,86,78,89,99,102,113,105,120,113,117,121,126,99,101,91,98,11,81,72,118,107,121,113,148,125,212,212,212,208,223,191,244,244,244,244,244,244,244,244,244,244,244,244,244,244,244,244,244,244,244,244,380,396,402,329,391,384,428,327,452,430,451,453,676,670,650,622,603,566,939,930,749,0,1560,1529,1159,1125,1045,1016]} 1. e4 c5 2. Nf3 d6 3. d4 Nf6 4. Nc3 cxd4 5. Nxd4 a6 6. Be2 e5 7. Nf3 Be7 8. Bg5 Nbd7 9. a4 {B92: Sicilian Najdorf: 6 Be2} h6 10. Be3 b6 (10... Ng4 11. Bc1 Ngf6 12. O-O Nc5 13. Nd2 Be6 14. b3 O-O 15. Bb2 Qc7 16. Bf3 Rfd8 {0-1 (72) Grischuk,A (2766)-Vachier Lagrave,M (2779) Saint Louis 2018}) 11. Nd2 Bb7 12. Bc4 {LiveBook: 5 Games} Qc7 13. Qe2 Nc5 {[%cal Rc5e4]} 14. Bxc5 Qxc5 15. O-O O-O 16. Rfe1 $146 ({Predecessor:} 16. Rfd1 Rfc8 17. Bb3 Rd8 {1-0 (74) Bitoon,R (2495)-Ly,H (2302) Ho Chi Minh City 2009}) 16... Rfc8 17. Rad1 Bf8 18. Bb3 Bc6 19. Qc4 Be8 20. Qxc5 dxc5 21. Nc4 $36 {[%mdl 2112] [#] Double Attack. White fights for an advantage.} b5 22. Nb6 c4 23. Ba2 Bb4 24. Nxa8 Rxa8 25. Re3 Bc5 {[#]} 26. Re2 $1 Bd4 27. Nb1 Bd7 28. Kf1 Kf8 29. c3 Bc5 30. f3 Be6 31. Nd2 g5 32. g3 ({White should play} 32. g4 $16) 32... Ke7 (32... Bh3+ $11 {keeps the balance.} 33. Ke1 g4) 33. Kg2 Nd7 34. a5 Rc8 35. b4 Ba7 36. Nf1 Nf8 (36... g4 $16 {was worth a try.}) 37. Ne3 $18 Bxe3 38. Rxe3 Ng6 39. Re2 Rd8 (39... g4 $142) 40. Rxd8 Kxd8 {[%mdl 4096] Endgame KRB-KBN} 41. Rd2+ Ke7 42. Bb1 h5 43. Bc2 Bd7 44. Bd1 h4 45. Be2 Be6 46. Kf2 Bc8 47. Bf1 Be6 48. Ke3 Bc8 49. Rg2 Bh3 (49... f6 $142 50. Rd2 Bd7) 50. Rg1 Be6 51. gxh4 gxh4 52. Rg5 Kd6 53. Be2 Bd7 54. f4 exf4+ 55. Kd4 Be8 (55... Nf8 $142 56. Rd5+ Kc7) 56. Rf5 Nf8 {[%cal Rf8e6]} 57. Rd5+ Ke7 {Black hopes to continue with ...Bc6.} 58. Bg4 Ne6+ 59. Bxe6 fxe6 60. Rc5 $2 (60. Rg5 $18 Kf6 61. Rc5) 60... Kd6 $2 {[%mdl 8192]} (60... h3 $11 61. Rg5 Kf6) 61. Rg5 {White is clearly winning.} Bc6 62. e5+ Kd7 63. Rg4 {Accuracy: White = 80%, Black = 48%.} 1-0

[Event "V Sunway Sitges Open 2018"]
[Site "Sitges"]
[Date "2018.12.17"]
[Round "4"]
[White "Xu, Xiangyu"]
[Black "O`Donnell, Conor"]
[Result "1-0"]
[WhiteElo "2565"]
[BlackElo "2346"]
[Annotator "ChessBase"]
[PlyCount "75"]
[EventDate "2018.12.14"]
[EventType "swiss"]
[EventCountry "ESP"]
[SourceTitle "playchess.com"]
[Source "ChessBase"]
[SourceQuality "1"]
[TimeControl "40/5400+30:1800+30"]

1. e4 {[%emt 0:00:00]} c6 {[%emt 0:00:38]} 2. d4 {[%emt 0:00:00]} d5 {[%emt 0:00:04]} 3. f3 {[%emt 0:00:00]} dxe4 {[%emt 0:02:32]} 4. fxe4 {[%emt 0:00:00]} e5 {[%emt 0:00:05]} 5. Nf3 {[%emt 0:00:00]} Bg4 {[%emt 0:00:16]} 6. Bc4 {[%emt 0:00:01]} Nd7 {[%emt 0:00:11]} 7. c3 Bh5 {[%emt 0:02:53]} 8. O-O {[%emt 0:00:41]} Ngf6 {[%emt 0:02:33]} 9. Bg5 {[%emt 0:00:36]} Bd6 {[%emt 0:01:31]} 10. Nbd2 {[%emt 0:00:13]} O-O {[%emt 0:01:17]} 11. Qe1 {[%emt 0:00:10]} Qc7 12. Kh1 {[%emt 0:07:31]} Rfe8 {[%emt 0:05:37]} 13. Nh4 {[%emt 0:14:21]} Rad8 {[%emt 0:12:50]} 14. Nf5 {[%emt 0:00:43]} Bg6 {[%emt 0:11:32]} 15. Qh4 Bf8 {[%emt 0:06:18]} 16. Bb3 {[%emt 0:02:02]} b5 {[%emt 0:05:50]} 17. Rae1 {[%emt 0:01:25]} c5 {[%emt 0:02:59]} 18. d5 {[%emt 0:07:59]} c4 {[%emt 0:00:30]} 19. Bc2 Rb8 {[%emt 0:02:32]} 20. a3 {[%emt 0:03:38]} Rec8 {[%emt 0:04:37]} 21. Rf3 a5 {[%emt 0:02:13]} 22. Nf1 {[%emt 0:09:08]} b4 {[%emt 0:05:51]} 23. axb4 {[%emt 0:02:22]} axb4 {[%emt 0:00:24]} 24. Ba4 {[%emt 0:00:12]} Bxf5 {[%emt 0:04:26]} 25. Rxf5 bxc3 {[%emt 0:02:47]} 26. bxc3 {[%emt 0:03:59]} Qa5 {[%emt 0:00:52]} 27. Bc6 {[%emt 0:00:25]} Qxc3 28. h3 Qa3 {[%emt 0:11:14]} 29. Ne3 {[%emt 0:15:03]} c3 {[%emt 0:00:57]} 30. Ref1 Qb4 31. Bxd7 {[%emt 0:01:29]} Nxd7 {[%emt 0:05:07]} 32. Rxf7 Nc5 33. Be7 {[%emt 0:02:59]} Qxe4 {[%emt 0:03:29]} 34. Ng4 {[%emt 0:00:00]} Bxe7 {[%emt 0:04:16]} 35. Rxg7+ Kxg7 36. Qxe7+ {[%emt 0:00:23]} Kh8 {[%emt 0:01:07]} 37. Qf6+ {[%emt 0:00:06]} Kg8 {[%emt 0:00:04]} 38. Nh6# 1-0